|
|
|
|
| LEADER |
00000nab a2200000 a 4500 |
| 001 |
vtls000844754 |
| 003 |
SK-MaSNL |
| 005 |
20260304113345.0 |
| 008 |
250429c2003 xo 0 slo |
| 015 |
|
|
|a SNBRB2003/08-24851
|
| 035 |
|
|
|a CLN000196409
|
| 035 |
|
|
|a urn:nbn:sk:snk-ab6zdm
|
| 035 |
|
|
|a (uuid)6cdde81e-8384-418e-8d1e-db57701333dd
|
| 035 |
|
|
|a (urnnbn)urn:nbn:sk:snk:ar-a06ce8
|
| 035 |
|
|
|a (sysno)vtls000844754
|
| 040 |
|
|
|a SNKBUCL
|b slo
|c SNKBUCL
|e AACR2
|
| 041 |
0 |
|
|a slo
|
| 044 |
|
|
|a xo
|c SK
|
| 080 |
|
|
|a 613.7-053.2
|2 1997
|
| 100 |
1 |
|
|a Chovancová, Darina,
|d 1956-
|4 aut
|9 211660
|
| 245 |
1 |
0 |
|a Pel-mel o bábätku 2
|b detská poradňa
|c Darina Chovancová
|
| 300 |
|
|
|b Obr.
|
| 504 |
|
|
|a Res. slov.
|
| 650 |
0 |
7 |
|a cestovanie
|2 MESH
|9 18846
|
| 650 |
0 |
7 |
|a dojčatá
|2 snkbucl
|9 31365
|
| 650 |
0 |
7 |
|a zdravie a hygiena detí
|2 MESH
|9 67149
|
| 655 |
|
7 |
|a články z novín a časopisov
|2 snkbucl
|9 267496
|
| 773 |
0 |
|
|t Dieťa nielen pre rodičov
|g Roč. 9, č. 4 (2003), s. 8-11
|x 1335-0919
|
| 850 |
|
|
|a Slovenská národná knižnica
|
| 852 |
|
|
|a Slovenská národná knižnica
|
| 954 |
|
|
|a odborná, vedecká literatúra pôvodná (slovenská)
|2 lita
|
| 958 |
|
|
|a article27
|
| 958 |
|
|
|a MI
|
| 958 |
|
|
|a OND
|
| 958 |
|
|
|a EUIPO
|
| 999 |
|
|
|c 2869034
|d 2870964
|